| 000 | 00000nam##2200000za#4500 |
| 001 | 9.531376 |
| 003 | CaOODSP |
| 005 | 20210615083055 |
| 007 | ta |
| 008 | 150406|1998||||xxc||||| f|0| 0 eng|d |
| 020 | |a0-662-63956-1 |
| 040 | |aCaOODSP|beng |
| 041 | |aeng |
| 041 | |afre |
| 043 | |an-cn--- |
| 086 | 1 |aC21-27/3-1998-2 |
| 110 | 1 |aCanada. |bIndustry Canada. |
| 245 | 10|aIndividual responses to changes in the Canadian labour market / |cby Paul Beaudry and David A. Green. |
| 260 | |aOttawa - Ontario : |bIndustry Canada |c1998. |
| 300 | |aEnglish text, 84p. : |bgraphs, references, tables ; |c23 cm. |
| 490 | 1 |aCanada in the 21st century. III. Responding to the challenges|vNo. 9 |
| 546 | |aBilingual |
| 563 | |aSoftcover |
| 590 | |a99-43|b1999-10-29 |
| 690 | 07|aLabour market|2gcpds |
| 690 | 07|aYoung adults|2gcpds |
| 720 | 1 |aBeaudry, Paul |
| 720 | 1 |aGreen, David A. |
| 776 | 0#|tIndividual responses to changes in the Canadian labour market / |w(CaOODSP)9.571956 |
| 776 | 0#|tRéactions individuelles à l'évolution du marché du travail au Canada / |w(CaOODSP)9.602376 |
| 792 | |tRéactions individuelles à l'évolution du marché du travail au Canada / |efre|w(CaOODSP)9.531377 |
| 830 | #0|aCanada in the 21st century. III. Responding to the challenges ;|vNo. 9|w(CaOODSP)9.509066 |